| 000 | 00329 a2200133 4500 | ||
|---|---|---|---|
| 001 | 62617 | ||
| 082 | _a297.1225 WAH | ||
| 090 |
_c37223 _d37223 |
||
| 100 | _aAbdul Waheed Khan | ||
| 245 |
_aQuraan Majeed:With translation and tras in English _hEnglish |
||
| 250 | _aPara IV | ||
| 260 | _bAbdul Waheed Khan | ||
| 300 | _a54p | ||
| 942 |
_aCAE NUST _k297.1225 WAH |
||
| 999 |
_c297690 _d297690 |
||